000
00291nam a22001097a 4500
082
_a
415
100
_a
Singh, Dr. Ashok Kumar
_9
66873
245
_a
A Mirror Of Comman Errors
_b
(Anglo-Hindi)
260
_a
Patna
_b
Students' Friends Educational Publishers
_c
2023
650
_a
Grammar
942
_c
BK
999
_c
66537
_d
66537